000 00776cam a2200265 a 4500
001 13684763
003 ARRUPE
005 20211014101151.0
008 030825s2003 bl a b 000 1 por
010 _a 2003338580
020 _a8532515363
035 _a2003338580
040 _aDLC
_cDLC
_dDLC
042 _alcode
050 0 0 _aPQ9698.13.O3546
_bO59 2003
082 0 0 _a869.3/42
_222
100 1 _aCoelho, Paulo.
_914925
245 1 0 _aOnze minutos /
_cPaulo Coelho.
260 _aRio de Janeiro :
_bRocco,
_c2003.
300 _a255 p. :
_bill. ;
_c22 cm.
504 _aIncludes bibliographical references by the author (p. 255).
906 _a7
_bcbc
_corigode
_d3
_encip
_f20
_gy-gencatlg
942 _2lcc
_cMONOGRAPH
999 _c130841
_d130841